Entry Nombre personal
001 - NÚMERO DE CONTROL
- campo de control: 28022
003 - IDENTIFICADOR DEL NÚMERO DE CONTROL
- campo de control: BNPHU
005 - FECHA Y HORA DE LA ÚLTIMA TRANSACCIÓN
- campo de control: 20250228152923.0
008 - DATOS DE LONGITUD FIJA
- campo de control de longitud fija: 200615|| aca||aabn | a|a d
010 ## - NÚMERO DE CONTROL DE LA BIBLIOTECA DEL CONGRESO
- Número de control de LC: n 80035900
040 ## - FUENTE DE LA CATALOGACIÓN
- Centro catalogador/agencia de origen: DO-BNPHU
- Lengua de catalogación: spa
- Centro/agencia transcriptor: BNPHU
- Normas de descripción: rda
100 1# - ENCABEZAMIENTO-NOMBRE DE PERSONA
- Nombre de persona: Castillo, Efraím,
- Fechas asociadas al nombre: 1940-
370 ## - LUGAR ASOCIADO
- Lugar de fallecimiento: Santo Domingo (República Dominicana)
372 ## - CAMPO DE ACTIVIDAD
- Campo de actividad: Literatura dominicana
- Campo de actividad: Crítica de arte
- Campo de actividad: Relaciones públicas
374 ## - OCUPACIÓN
- Ocupación: Novelistas
- Ocupación: Poeta
- Ocupación: Dramaturgo
- Ocupación: Agentes de prensa
375 ## - GÉNERO/SEXO
- Género/Sexo: Masculino
377 ## - LENGUA/LENGUAJE ASOCIADO
- Código del idioma: Español
400 1# - TRAZADO DE VÉASE--NOMBRE DE PERSONA
- Nombre de persona: Castillo, E.
- Fechas asociadas al nombre: 1940-
670 ## - FUENTE DE DATOS ENCONTRADOS
- Cita de la fuente: Work cat.: (OSt)11525: Castillo, Efraím, 1940-, Rito de paso y otros cuentos /, 1996.
670 ## - FUENTE DE DATOS ENCONTRADOS
- Cita de la fuente: Su Pulso publicitario, 1979:
- Información encontrada: tp (Efraím Castillo) p. 4 de cubierta (n. 30/10/1940)
670 ## - FUENTE DE DATOS ENCONTRADOS
- Identificador Uniforme del Recurso: https://authorities.loc.gov/cgi-bin/Pwebrecon.cgi?AuthRecID=3298926&v1=1&HC=1&SEQ=20250228151825&PID=WmUnkMau1p0gR_LEUi73LADO2au Consultado en 28 de febrero, 2025
